Computers And The Law (Record no. 328615)
[ view plain ]
| 000 -LEADER | |
|---|---|
| fixed length control field | 00539nam a2200169Ia 4500 |
| 008 - FIXED-LENGTH DATA ELEMENTS--GENERAL INFORMATION | |
| fixed length control field | 230718s9999 xx 000 0 und d |
| 020 ## - INTERNATIONAL STANDARD BOOK NUMBER | |
| International Standard Book Number | 9780521886505 |
| 041 ## - LANGUAGE CODE | |
| Language code of text/sound track or separate title | eng |
| 082 ## - DEWEY DECIMAL CLASSIFICATION NUMBER | |
| Classification number | 343.7309'99 |
| Item number | DUN |
| 100 ## - MAIN ENTRY--PERSONAL NAME | |
| Personal name | Dunne R. |
| 9 (RLIN) | 170493 |
| 245 ## - TITLE STATEMENT | |
| Title | Computers And The Law |
| Remainder of title | Introduction To Basic Legal Principles And Their Application In Cyberspace |
| 260 ## - PUBLICATION, DISTRIBUTION, ETC. (IMPRINT) | |
| Date of publication, distribution, etc. | 2009 |
| Name of publisher, distributor, etc. | Cambridge University Press |
| 300 ## - PHYSICAL DESCRIPTION | |
| Extent | 458 |
| Accompanying material [OBSOLETE, CAN/MARC] | Ref 1417 C (33867) |
| 365 ## - TRADE PRICE | |
| Currency code | Rs. |
| Price amount | 2950.00 |
| 700 ## - ADDED ENTRY--PERSONAL NAME | |
| Personal name | Dunne R. |
| 9 (RLIN) | 170493 |
| 906 ## - LOCAL DATA ELEMENT F, LDF (RLIN) | |
| d | B:4521005-Aug-2011 |
| c | COMP |
| b | 737.5 |
| Withdrawn status | Lost status | Damaged status | Not for loan | Home library | Current library | Date acquired | Vendor | Budget Code | Cost, normal purchase price | Bill number | Total Checkouts | Full call number | Barcode | Date last seen | Discount | Cost, replacement price | Bill Date | Koha item type | Original Barcode |
|---|---|---|---|---|---|---|---|---|---|---|---|---|---|---|---|---|---|---|---|
| Cummins College of Engineering for Women Pune | Cummins College of Engineering for Women Pune | 14/09/2011 | Vaibhav Book House | COMP | 2212.50 | 45210 | 343.7309'99 | CCEP-BK-39822 | 18/07/2023 | 737.5 | 2950.00 | 05/08/2011 | Books | 039822 |